European capitals with the most sunshine - Statistics

General Stats
  • This quiz has been taken 912 times
    700 since last reset
  • The average score is 12 of 15
Answer Stats
Hours Capital % Correct
2.769 Madrid
99%
2.473 Rome/Vatican City
99%
2.806 Lisbon
98%
2.773 Athens
96%
2.177 Sofia
88%
2.115 Bucharest
84%
3.054 Valletta
84%
2.544 Tirana
80%
2.575 Monaco
78%
2.339 Skopje
74%
2.112 Belgrade
73%
2.048 Vienna
68%
2.481 Podgorica
67%
2.126 Chisinau
56%
2.038 Bratislava
50%
No matching quizzes found
Score Distribution
Percent of People with Each Score
Percentile by Number Answered
Your Score History
You have not taken this quiz since the last reset